000
00304nam a22001337a 4500
008
180315b xxu||||| |||| 00| 0 eng d
020
_a
9781308656410
041
_a
eng
080
_a
330.101.541
100
_a
52
101
_a
MAK
245
_a
Principles of macroeconomics
_c
Slice,S
942
_2
udc
_c
BK
999
_c
45123
_d
45123